Statistics for EP Football Quiz

Click here to take the quiz!

General Stats

  • This quiz has been taken 6 times
  • The average score is 10 of 22

Answer Stats

LetterHintAnswer% Correct
LMost Ballon d'ors in historyLionel Messi
100%
EPremier League top scorer 2022/23Erling Haaland
83%
GYashin Trophy winner 2021Gianluigi Donnarumma
83%
MLaLiga player of the season 2022/23Marc-Andre ter Stegen
67%
BMan City player of the year 2018/19Bernardo Silva
50%
DAustrian footballer of the year 2011, 2012, 2013, 2014, 2015, 2016, 2020, 2021 and 2022David Alaba
50%
EIFFHS Wolrds Best Goalkeeper 2023Ederson
50%
IScorer of the goal that won Man City the league in 2021/22Illkay Gundogan
50%
RDFB Pokal top scorer 2011/12, 2016/17, 2017/18, 2018/19 and 2019/20Robert Lewandowski
50%
UGoalkeeper that wears No1 for Athletico BilbaoUnai Simon
50%
YSwiss player of the year 2016, 2018 and 2021Yann Sommer
50%
IAfrica Cup of Nations best player 2019Ismael Bennacer
33%
LSerie A player of the month October 2023Lauturo Martinez
33%
OBundesliga rookie of the year 2016/17Ousmane Dembele
33%
RFIFA Club World Cup golden ball winner 2023Rodri
33%
WSerie A goalkeeper of the year 2019/20Wojciech Szczesny
33%
YLaLiga Zamora Trophy winner 2021/22Yassine Bounou
33%
IZarra Trophy winner 2016/17, 2017/18, 2018/19 and 2021/22Iago Aspas
17%
LU17 Gold Fritz Walter Medal winner 2012Leon Goretzka
17%
N2022 DFB Pokal final Man of the MatchNico Schlotterbeck
17%
QuestionWill You Be My Girlfriend?
17%
FJohan Cruyff Trophy winner 2018/19Frenkie De Jong
0%

Score Distribution

Percentile by Number Answered

Percent of People with Each Score

Your Score History

You have not taken this quiz